000
00275nam a2200121Ia 4500
005
20251222143246.0
008
251222s9999||||xx |||||||||||||| ||spa||
082
_a
818.6/R17
100
_a
Naomi Ragen
245
0
_a
Jephte´s Daughter
264
_b
Warner books
942
_c
LIB
999
_c
14786
_d
14786